平成以降に消滅した鉄道路線名称 - Statistics

General Stats
  • This quiz has been taken 273 times
  • The average score is 15 of 91
Answer Stats
消滅年月日 名称 理由 会社 % Correct
2026/XX/XX 留萌本線 廃止 JR
79%
2016/03/26 江差線 転換・改称 JR
71%
2018/04/01 三江線 廃止 JR
60%
1989/06/04 池北線 転換・改称 JR
52%
2014/04/01 岩泉線 廃止 JR
48%
1989/05/01 名寄本線 廃止 JR
46%
1995/09/04 深名線 廃止 JR
46%
1989/05/01 天北線 廃止 JR
43%
2005/04/01 能登線 廃止 3セク
36%
2008/12/28 高千穂線 廃止 3セク
36%
2008/04/01 三木線 廃止 3セク
35%
2006/04/21 ふるさと銀河線 廃止 3セク
34%
1989/04/30 標津線 廃止 JR
32%
2005/04/01 岐阜市内線 廃止 私鉄
32%
2012/04/01 屋代線 廃止 私鉄
30%
2005/04/01 美濃町線 廃止 私鉄
29%
2019/03/23 南リアス線 編入 3セク
28%
2019/03/23 北リアス線 編入 3セク
28%
2006/12/01 神岡線 廃止 3セク
27%
2012/04/01 十和田観光電鉄線 廃止 私鉄
27%
1998/04/01 黒石線 廃止 私鉄
26%
2001/04/01 大畑線 廃止 私鉄
26%
2001/10/01 八百津線 廃止 私鉄
26%
2001/10/01 谷汲線 廃止 私鉄
26%
2005/04/01 揖斐線 廃止 私鉄
24%
1990/04/01 鍛冶屋線 廃止 JR
23%
1989/03/29 足尾線 転換・改称 JR
22%
2007/04/01 鹿島鉄道線 廃止 私鉄
21%
2002/08/01 南部縦貫鉄道線 廃止 私鉄
20%
2007/04/01 くりはら田園鉄道線 廃止 3セク
20%
2023/12/27 上野懸垂線 廃止 公営
20%
2000/08/06 目蒲線 分離・改称 私鉄
19%
2005/04/01 日立電鉄線 廃止 私鉄
19%
1990/04/01 大社線 廃止 JR
15%
1999/04/05 電車線 廃止 私鉄
14%
2002/10/21 永平寺線 廃止 私鉄
14%
2005/04/01 田神線 廃止 私鉄
14%
2006/10/01 桃花台線 廃止 3セク
14%
2007/04/01 宮地岳線 改称 私鉄
14%
2021/04/01 秋田臨海鉄道線 廃止 臨海
14%
2000/08/06 新玉川線 編入 私鉄
13%
2002/09/18 河東線 改称 私鉄
13%
2006/03/27 東大阪線 改称 私鉄
11%
2008/12/28 モンキーパークモノレール線 廃止 私鉄
11%
2009/03/20 西大阪線 改称 私鉄
11%
2009/04/01 小坂線 廃止 私鉄
11%
2017/05/31 安比奈線 廃止 私鉄
11%
1994/04/01 野上線 廃止 私鉄
10%
2003/01/01 有田鉄道線 廃止 私鉄
10%
2023/12/04 鋼索線 廃止 私鉄
10%
1991/01/01 下津井電鉄線 廃止 私鉄
9%
1998/10/01 千葉急行線 転換・改称 3セク
8%
2000/04/20 都営12号線 改称 公営
8%
1999/10/04 蒲原鉄道線 廃止 私鉄
7%
2024/04/XX 広島短距離交通瀬野線 廃止 私鉄
7%
2024/12/01 無軌条電車線 廃止 私鉄
7%
1989/12/23 宮田線 廃止 JR
6%
1991/07/01 片上鉄道線 廃止 私鉄
6%
1993/04/01 天王寺支線 廃止 私鉄
6%
2001/02/01 向ヶ丘遊園モノレール線 廃止 私鉄
6%
2003/02/01 越前本線 転換・改称 私鉄
6%
1996/12/11 鶴見緑地線 改称 公営
5%
2000/04/20 都営浅草線 改称 公営
5%
2000/04/20 都営三田線 改称 公営
5%
2000/04/20 都営新宿線 改称 公営
5%
2000/11/26 北九州本線 廃止 私鉄
5%
1989/04/01 秋田内陸南線 編入 3セク
4%
1989/04/01 秋田内陸北線 改称 3セク
4%
2002/09/18 山ノ内線 改称 私鉄
4%
2006/03/31 昼飯線 廃止 私鉄
4%
2018/12/01 関電トンネル無軌条電車線 廃止 私鉄
4%
1992/04/01 東雲線 廃止 公営
3%
2001/01/01 大牟田線 改称 私鉄
3%
2001/04/01 苫小牧港開発株式会社線 廃止 臨海
3%
2001/10/01 小名浜埠頭本線 廃止 臨海
3%
2005/09/01 駒ヶ岳鋼索線 廃止 私鉄
3%
2017/09/30 水江線 廃止 臨海
3%
1993/04/01 宮前線 廃止 公営
2%
1994/01/20 食品南線 廃止 臨海
2%
1994/01/20 食品北線 廃止 臨海
2%
1997/04/01 塩釜線 廃止 JR
2%
1999/04/01 山の内線 改称 私鉄
2%
2000/09/01 臨海副都心線 改称 3セク
2%
2004/07/01 北総・公団線 改称 私鉄
2%
2008/08/01 総武流山線 改称 私鉄
2%
2010/10/21 東京モノレール羽田線 改称 私鉄
2%
2016/07/15 西埠頭線 廃止 臨海
2%
1989/11/28 柳原線 廃止 私鉄
1%
1997/10/01 会沢線 廃止 私鉄
1%
2005/07/01 南港・港区連絡線 転換・編入 3セク
1%
2015/04/01 帆柱ケーブル 改称 私鉄
1%
No matching quizzes found
Score Distribution
Percent of People with Each Score
Percentile by Number Answered
Your Score History
You have not taken this quiz